01259nam a22002417a 450000500170000000800410001702000180005804000070007604100080008308200180009110000290010924500270013825000120016526000280017730000260020536500630023152004730029465000410076770000280080894200120083699900190084895201500086720250214095725.0250214b ||||| |||| 00| 0 eng d a9781138705708 cAL aeng 223a150bMALP aRichard W Malott9199575 aPrinciples of behavior a7th ed. aLondonbRoutledgec2021 axx,456pbPBc27x21cm. 2Generala6385b₹1276.00c₹d₹1595.00e20%f6/02/2025 aSince the first edition of Principles of Behavior, the authors have sought to address the unique needs of students. This title has been written so that students of all levels will benefit from a solid introduction to the principles of behavior. The authors have laid the groundwork for behavior analysis through an exploration of experimental, applied, and theoretical concepts. Case studies and everyday examples help readers apply principles of behavior to real life 2Operant BehavioraPsychology9199576 aShane, Joseph T9199588 2ddccBK c233779d233779 00102ddc40708CPSYaSACPGbSACPGd2025-02-10eBiblios Book Pointg1276.00l0o150 MALPpPG024897r2025-02-14 00:00:00v1595.00w2025-02-14yBK